000 01007nam1a22002651i 4500
001 rc\4543018
005 20241101045116.0
021 _aRU
_b[61-19908]
035 _a(NLR Aleph) 008636682
090 _a8916502
_c8916502
100 _a20130416d1961 |||y0rusy50 ca
101 0 _arus
102 _aRU
105 _a z |||||
200 1 _aМатематика до эпохи Возрождения
_fАкад. наук СССР. Ин-т истории естествознания и техники
210 _aМосква
_cФизматгиз
_d1961
215 _a2 т.
_d23
300 _aНа переплете только загл. части
606 _aМатематика
_xИстория
_2psbo
700 1 _7ca
_8rus
_aКольман
_bЭ. Я.
_f1892-1979
_gЭрнест Яромирович
_9269400
_3RU\NLR\AUTH\770269456
701 1 _aЮшкевич
_bА.П.
_gАдольф Павлович
801 0 _aRU
_bNLR
_gpsbo
801 1 _aRU
_bELAR
_2rusmarc
852 _aNLR
_j61-5/1565
942 _cBOOK